Villes du Loiret en images - Statistiques

Statistiques générales
  • Ce quiz a été pris 87 fois
  • Le résultat moyen est 7 sur 18
Statistiques - réponses
Par images Hint Réponse % Correct
O Orléans
100%
M Montargis
82%
G Gien
81%
P Pithiviers
72%
S Sully-sur-Loire
62%
B Briare
59%
O Olivet
59%
(L) F La Ferté-Saint-Aubain
38%
S Saint-Jean-de-Braye
34%
B Beaugency
29%
B Beaune-la-Rolande
28%
C Châteauneuf-sur-Loire
28%
M Meung-sur-Loire
26%
J Jouy-le-Potier
13%
C Chilleurs-au-Bois
10%
(L) M Le Malesherbois
10%
V Villemandeur
6%
P Puiseaux
4%
Aucun quiz correspondant
Distribution des résultats
% des personnes avec chaque résultat
Percentile par nombre de réponses
Votre historique - résultats
Vous n’avez pas pris ce quiz